| 000 | 01676cam a2200265 4500 | ||
|---|---|---|---|
| 001 | ABS67870 | ||
| 008 | 040602n2004 000 0 eng u | ||
| 035 | _a(Sirsi) u126359 | ||
| 100 | _aJones, S. | ||
| 245 | _aMuddied waters on village greens | ||
| 260 | _c2004 | ||
| 490 |
_aHouseBuilder _v63(4) May 2004, 27-28(2) |
||
| 520 | _aLooks at the implications of "Oxfordshire CC v Oxford City Council and another" ([2004] EWHC 12 (Ch) X124969), the "Trap Grounds" case, for the longstanding debate surrounding the definition of what is and what is not a village green. The ruling, which is widely anticipated will be appealed to HL, is a warning to developers looking to purchase or take options over land, to look more closely at its history with investigations potentially stretching back to the 1950s. Traces the history of registered greens from their definition under the Commons Registration Act 1965 through the changes introduced under the Countryside and Rights of Way Act 2000 (with effect from 30 January 2001), and discusses the importance of "R v Oxfordshire CC ex p Sunningwell Parish Council" (HL Abs60977), the "Sunningwell" case, in which HL found that broadly speaking land registered as a village green cannot be developed. | ||
| 590 | _aABS | ||
| 590 | _aABS | ||
| 650 | _aR V OXFORDSHIRE CC EX P SUNNINGWELL PARISH COUNCIL | ||
| 650 | _aCOUNTRYSIDE AND RIGHTS OF WAY ACT 2000 | ||
| 650 | _aCOMMONS REGISTRATION ACT 1965 | ||
| 650 | _aOXFORDSHIRE CC V OXFORD CITY COUNCIL AND ANOTHER | ||
| 650 | _aINCLOSURE ACT 1857 | ||
| 650 | _aCOMMONS ACT 1876 | ||
| 650 | _aVILLAGE GREENS | ||
| 690 | _aPROPERTY AND LAND LAW-CASE LAW | ||
| 942 | _n0 | ||
| 999 |
_c117437 _d117437 |
||